Faculty of Law Library — Cairo University

Official Online Catalog

الوساطة كإجراء اتفاقي أو إلزامي لتسوية المنازعات التجارية في بعض التشريعات (دراسة تطبيقية تحليلية في إطار منهج مقارن وخاصة في إطار القانون الكويتي) / (Record no. 60670)

MARC details
000 -LEADER
fixed length control field 04430nam a2200409 i 4500
003 - CONTROL NUMBER IDENTIFIER
control field EG-GICUC
005 - أخر تعامل مع التسجيلة
control field 20260203155458.0
008 - FIXED-LENGTH DATA ELEMENTS--GENERAL INFORMATION
fixed length control field 260203s2025 ua |||f m||| 00| 0 ara d
040 ## - CATALOGING SOURCE
Original cataloguing agency EG-GICUC
Transcribing agency EG-GICUC
Modifying agency EG-GICUC
Description conventions rda
Language of cataloging: ara
041 0# - LANGUAGE CODE
Language code of text/sound track or separate title ara
049 ## - Acquisition Source
Acquisition Source إهداء
082 04 - DEWEY DECIMAL CLASSIFICATION NUMBER
Classification number 347.062
Edition number 21
097 ## - Degree
Degree Ph.D
099 ## - LOCAL FREE-TEXT CALL NUMBER (OCLC)
Local Call Number Law 05 PHD 2025
100 0# - MAIN ENTRY--PERSONAL NAME
Authority record control number or standard number فيصل خلف جلعود العتيبي
Preparation مؤلف.
245 10 - TITLE STATEMENT
Title الوساطة كإجراء اتفاقي أو إلزامي لتسوية المنازعات التجارية في بعض التشريعات (دراسة تطبيقية تحليلية في إطار منهج مقارن وخاصة في إطار القانون الكويتي) /
Statement of responsibility, etc. إعداد فيصل خلف جلعود العتيبي؛ إشراف الأستاذ الدكتور سامي عبدالباقي أبو صالح.
264 #0 - PRODUCTION, PUBLICATION, DISTRIBUTION, MANUFACTURE, AND COPYRIGHT NOTICE
Place of production, publication, distribution, manufacture القاهرة:
Name of producer, publisher, distributor, manufacturer كلية الحقوق- جامعة القاهرة،
Date of production, publication, distribution, manufacture, or copyright notice 2025.
300 ## - PHYSICAL DESCRIPTION
Extent 322 صفحة؛
Dimensions 25 سم.
336 ## - CONTENT TYPE
Content type term text
Source rda content
337 ## - MEDIA TYPE
Media type term Computer
Source rda media
338 ## - CARRIER TYPE
Carrier type term Online Resource
Source rda carrier
500 ## - General note
General note رسائل نسخة منفردة
500 ## - General note
General note تحتوي علي صفحة عنوان باللغة الأنجليزية
502 ## - DISSERTATION NOTE
Dissertation note أطروحة (دكتوراة)- جامعة القاهرة، كلية الحقوق، قسم القانون التجاري، 2025.
504 ## - BIBLIOGRAPHY, ETC. NOTE
Bibliography, etc. note ببليوجرافيا: صفحات 282-315
520 3# - SUMMARY, ETC.
Summary, etc. تعد مشكلة العدالة واقتضاء الحقوق من المشكلات الجوهرية التي يواجهها رجال القانون والمفكرون داخل المجتمعات على مر العصور.<br/><br/>وعلى العموم فإن الوصول إلى مرفق العدالة الحق في التقاضي هو أساس إنفاذ سيادة القانون في الدولة، وهو محور نظامها القانوني وأساس مشروعيتها. لذلك فقد كفلت الدساتير هذا الحق الحماية حقوق الأفراد وحرياتهم الأساسية، وحفلت المواثيق الدولية بتقرير هذا الحق بكافة صورة<br/><br/>فالاتجاه العالمي الحالي هو العزوف عن نظم التقاضي التقليدية إلى نظم ودية بديلة لتسوية المنازعات وخاصة ذات الطابع المالي والتجاري. فهي تحقق الغاية الأساسية من إقرار هذه النظم والمتمثلة في تخفيف العبء عن الجهاز القضائي، وتوفير الوقت والجهد والمال الأطراف النزاع.<br/><br/>هذا إلى جانب الدور الاقتصادي والتنموي الذي تلعبه هذه النظم والذي أثبتته الدراسات. كما أن للنظم الودية البديلة لتسوية المنازعات دوراً لا يمكن إغفاله في حل الكثير من المنازعات<br/><br/>الأسرية - النكاح، أو الصداق، أو الطلاق وما يترتب عنه، والنسب - والتي يمتد خطرها - والمتمثل في عدم الوصول إلى حل عادل وملائم الأطرافها - إلى الأبناء الذين يؤدى تعرضهم لخطر الانحراف تحت هذه المشكلات إلى ظهور العديد من المشاكل والظواهر الاجتماعية السلبية كأطفال الشوارع والأطفال الجانحين، وقد يتجاوزه الأمر إلى بعض الجرائم التي قد تنشب بين الأصول والفروع والأقارب.
546 ## - LANGUAGE NOTE
Text Language الملخص باللغة العربية
650 04 - SUBJECT ADDED ENTRY--TOPICAL TERM
Topical term or geographic name entry element القانون التجاري
653 #0 - INDEX TERM--UNCONTROLLED
Uncontrolled term الحق في التقاضي
-- أساس إنفاذ سيادة القانون في الدولة
-- النكاح
-- تخفيف العبء عن الجهاز القضائي
-- توفير الوقت والجهد والمال لأطراف النزاع
655 #4 - INDEX TERM--GENRE/FORM
Genre/form data or focus term رسائل جامعية
Geographic subdivision جامعة القاهرة
General subdivision القانون التجاري
700 0# - ADDED ENTRY--PERSONAL NAME
Personal name سامي عبدالباقي أبو صالح
Relator term مشرف.
710 2# - ADDED ENTRY--CORPORATE NAME
Corporate name or jurisdiction name as entry element جامعة القاهرة.
Subordinate unit كلية الحقوق
856 ## - ELECTRONIC LOCATION AND ACCESS
Uniform Resource Identifier <a href="https://fll.law.cu.edu.eg/fulltext/th/T05-02829.pdf">https://fll.law.cu.edu.eg/fulltext/th/T05-02829.pdf</a>
900 ## - Thesis Information
Grant date 2025
Universities جامعة القاهرة
Faculties كلية الحقوق
Department قسم القانون التجاري
905 ## - Cataloger and Reviser Names
Cataloger Name: Hoda
942 ## - ADDED ENTRY ELEMENTS (KOHA)
Source of classification or shelving scheme Dewey Decimal Classification
Koha item type Thesis
Edition 21
Suppress in OPAC No
Holdings
Source of classification or shelving scheme Collection Home library Current library Date acquired Full call number Barcode Date last seen Copy number Effective from Koha item type
Dewey Decimal Classification القانون التجاري جــــامعة القــاهرة مكتبة كلية الحقوق - المبنى الرئيسي 03.02.2026 Law1 05 PHD 2025 0502829 C1 T05-02829 03.02.2026 1 03.02.2026 Thesis
Dewey Decimal Classification القانون التجاري جــــامعة القــاهرة مكتبة كلية الحقوق - المبنى الرئيسي 03.02.2026 Law1 05 PHD 2025 0502830 C2 T05-02830 03.02.2026 2 03.02.2026 Thesis
Dewey Decimal Classification القانون التجاري جــــامعة القــاهرة مكتبة كلية الحقوق - فـرع الشيخ زايد 03.02.2026 Law2 05 PHD 2025 0502831 C3 T05-02831 03.02.2026 3 03.02.2026 Thesis

© All rights reserved — Faculty of Law, Cairo University